| Tag |
First Indicator |
Second Indicator |
Subfields |
| LEADER |
00000cam a2200000 a 4500 |
| 001 |
in00001477310 |
| 005 |
20151021062237.0 |
| 006 |
m d ∎ |
| 007 |
cj ug||||||||| |
| 008 |
980827s1999 nyua b 001 0 eng |
| 010 |
|
|
|a 98040651
|
| 015 |
|
|
|a GB9918409
|2 bnb
|
| 019 |
|
|
|a 39811794
|a 62990321
|a 81681421
|a 144955109
|a 962874602
|a 976974663
|a 1001977854
|a 1008847291
|a 1014304524
|a 1016415667
|a 1019950928
|a 1037254321
|a 1037766779
|a 1048994904
|a 1049749736
|a 1052992656
|a 1054960743
|a 1059482498
|a 1113108620
|a 1127792582
|a 1148829869
|a 1225241904
|a 1230157506
|a 1236892644
|a 1239739550
|a 1262757030
|a 1294646530
|a 1298693634
|
| 020 |
|
|
|a 0471249912
|q (alk. paper)
|
| 029 |
1 |
|
|a AU@
|b 000014148552
|
| 035 |
|
|
|a (OCoLC)64396643
|
| 037 |
|
|
|a a
|b cw
|
| 040 |
|
|
|a DLC
|b eng
|c DLC
|d C#P
|d UKM
|d GZM
|d IBI
|d BAKER
|d YDXCP
|d BTCTA
|d NYP
|d OCLCQ
|d DEBSZ
|d CNCGM
|d OCLCF
|d OCLCO
|d OCLCQ
|d GZN
|d OCLCO
|d CNUTO
|d LNC
|d OCLCQ
|d PAU
|d OCLCQ
|d CPS
|d OCLCQ
|d CBA
|d OCLCQ
|d NAM
|d OCLCQ
|d OCLCO
|d SFB
|d OCLCO
|
| 043 |
|
|
|a n-us---
|
| 049 |
|
|
|a TXAM
|
| 050 |
0 |
0 |
|a HV41.9.U5
|b W47 1999
|
| 082 |
0 |
0 |
|a 658.15/224
|2 21
|
| 100 |
1 |
|
|a Wendroff, Alan L.
|
| 245 |
1 |
0 |
|a Special events :
|b proven strategies for nonprofit fundraising /
|c Alan L. Wendroff.
|
| 246 |
3 |
0 |
|a Proven strategies for nonprofit fundraising
|
| 260 |
|
|
|a New York :
|b Wiley,
|c ©1999.
|
| 264 |
|
1 |
|a New York :
|b John Wiley & Sons,
|c [1999]
|
| 264 |
|
4 |
|c ©1999
|
| 300 |
|
|
|a xx, 214 :
|b illustrations ;
|c 24 cm +
|e 1 computer disc (3 1/2 in.)
|
| 336 |
|
|
|a text
|b txt
|2 rdacontent
|
| 337 |
|
|
|a unmediated
|b n
|2 rdamedia
|
| 338 |
|
|
|a volume
|b nc
|2 rdacarrier
|
| 490 |
1 |
|
|a Wiley nonprofit law, finance, and management series
|
| 504 |
|
|
|a Includes bibliographical references (pages 193-194) and index.
|
| 505 |
0 |
|
|a Introduction: Special Event Fund Raising -- A Beginning -- Ch. 1. The Master Event Timetable (METT) -- Ch. 2. Choosing the Event -- Ch. 3. Monetary Goals and Budgets -- Ch. 4. Recruiting Volunteer Leadership for Your Event -- Ch. 5. Networking in the Community -- Ch. 6. Marketing -- Ch. 7. Special Event Administration -- Ch. 8. The Final Weeks to Event Day -- Ch. 9. The Big Day: Why the Success Is in the Details.
|
| 520 |
1 |
|
|a "Special Events: Proven Strategies for Nonprofit Fund Raising presents the essential knowledge necessary for organizing and holding events that will meet your objectives. It starts by helping you determine your particular goals, from raising money, marketing and public relations, and building and expanding a donor base to building and motivating a volunteer pool, training the board to solicit funds, educating the public about your mission, and gathering endorsements. It then provides the fundamentals necessary for achieving your organization's multidimensional goals. The Master Event Time Table, the ultimate special event tool, will walk you step-by-step through each stage of the process, and this 26-week checklist can be abridged or modified based on your organization's needs." "Written for nonprofit organizations, Special Events is an indispensable guide for any and all who are looking to capitalize on a key component of nonprofit success."--Jacket.
|
| 538 |
|
|
|a System requirements for accompanying computer disk : IBM PC or compatible computer ; Window 95 or later.
|
| 650 |
|
4 |
|a Special events
|x Marketing
|z United States.
|
| 650 |
|
4 |
|a Fund raising
|z United States.
|
| 650 |
|
4 |
|a Nonprofit organizations
|z United States
|x Finance.
|
| 650 |
|
0 |
|a Fund raising
|z United States.
|
| 651 |
|
7 |
|a United States.
|2 fast
|0 (OCoLC)fst01204155
|
| 776 |
0 |
8 |
|i Online version:
|a Wendroff, Alan L.
|t Special events.
|d New York : Wiley, ©1999
|w (OCoLC)605012521
|
| 830 |
|
0 |
|a Wiley nonprofit law, finance, and management series.
|
| 938 |
|
|
|a Baker & Taylor
|b BKTY
|c 39.95
|d 29.96
|i 0471249912
|n 0003186197
|s active
|
| 948 |
|
|
|a c:dm
|
| 999 |
|
|
|a MARS
|
| 999 |
f |
f |
|s ab72ef69-5dc0-379d-ab0d-3e6b1364e4f0
|i 2c1f4e43-29ba-387e-987d-a91a1a6a25b4
|t 0
|
| 952 |
f |
f |
|p ric
|a Texas A&M University
|b Rellis Campus
|c Joint Library Facility
|s JLF
|d Remote Storage
|t 0
|e HV41.9.U5 W47 1999
|h Library of Congress classification
|i unmediated -- volume
|m A14824215739
|